000 00229nam a2200109Ia 4500
999 _c5824
_d5824
020 _a978-1133593072
100 _aLinda Brannon
245 0 _aHealth Psychology
260 _aNew York
_bWadsworth
_c2014
300 _a521
942 _cBK